书目信息 |
| 题名: |
汉语普通话单音节语图册
|
|
| 作者: | 吴宗济 主编 | |
| 分册: | ||
| 出版信息: | 北京 中国社会科学出版社 1986 |
|
| 页数: | 876页 | |
| 开本: | 19cm | |
| 丛书名: | ||
| 单 册: | ||
| 中图分类: | H116.3-64 | |
| 科图分类: | ||
| 主题词: | 汉语--语音 , 汉语--音韵学 | |
| 电子资源: | ||
| ISBN: | ||
| 000 | 00595nam0 2200205 450 | |
| 001 | 0650995859 | |
| 005 | 20061101141120.76 | |
| 010 | @b精装@dCNY54.00 | |
| 100 | @a20061101d1986 km y0chiy0120 ea | |
| 101 | 0 | @achi |
| 102 | @aCN@b110000 | |
| 200 | 1 | @a汉语普通话单音节语图册@Ahan yu pu tong hua dan yin jie yu tu ce@f吴宗济主编@Fwu zong ji zhu bian |
| 210 | @a北京@c中国社会科学出版社@d1986 | |
| 215 | @a876页@d19cm | |
| 606 | 0 | @a汉语@x语音 |
| 606 | 0 | @a汉语@x音韵学 |
| 690 | @aH116.3-64@v3 | |
| 701 | 0 | @a吴宗济@Awu zong ji@4主编 |
| 801 | 0 | @aCN@bPFT@c20061101 |
| 905 | @a10447@dH116.3-64@e55 | |
| 汉语普通话单音节语图册/吴宗济主编.-北京:中国社会科学出版社,1986 |
| 876页;19cm |
| ISBN (精装):CNY54.00 |
| ● |
| 相关链接 |
|
|
|
|
正题名:汉语普通话单音节语图册
索取号:H116.3-64/55
 
预约/预借
| 序号 | 登录号 | 条形码 | 馆藏地/架位号 | 状态 | 备注 |
| 1 | 0215013 | 000802019 | 第二样本阅览室/ [索取号:H116.3-64/55] | 在馆 |